Hospodárenie firiem vybraných odvetví v roku 2014 s dopadom na daň z príjmu

Analýza hospodárenia vybraných firiem z odvetví automobilového priemyslu, stavebníctva a maloobchodu, s dopadom na výšku daňovej povinnosti za rok 2014.

Gespeichert in:
Bibliographische Detailangaben
1. Verfasser: Kufelová, Iveta, 1970-
Format: Buchkapitel
Sprache:Slowakisch
Schlagworte:
Tags: Tag hinzufügen
Keine Tags, Fügen Sie das erste Tag hinzu!

MARC

LEADER 00000nla a2200000 4500
001 0213278
005 20240502073542.7
041 0 |a slo 
044 |a SK 
245 1 0 |a Hospodárenie firiem vybraných odvetví v roku 2014 s dopadom na daň z príjmu  |c Iveta Kufelová 
520 |a Analýza hospodárenia vybraných firiem z odvetví automobilového priemyslu, stavebníctva a maloobchodu, s dopadom na výšku daňovej povinnosti za rok 2014. 
610 2 0 |a firmy 
610 2 0 |a hospodárenie podnikové 
610 2 0 |a dane z príjmov 
610 2 0 |a Slovensko 
100 1 |a Kufelová, Iveta, 1970-